Global matrix : nationalism, globalism and state-terrorism (Record no. 195335)

MARC details
000 -LEADER
fixed length control field 00743nam a2200241Ia 4500
008 - FIXED-LENGTH DATA ELEMENTS--GENERAL INFORMATION
fixed length control field 191130s2005##################000#0#eng##
020 ## - INTERNATIONAL STANDARD BOOK NUMBER
ISBN 9780745322919
082 ## - DEWEY DECIMAL CLASSIFICATION NUMBER
Classification number 320.54 NAI
100 ## - MAIN ENTRY--AUTHOR NAME
Personal name Nairn, Tom
245 ## - TITLE STATEMENT
Title Global matrix : nationalism, globalism and state-terrorism
Statement of responsibility, etc Tom Nairn and Paul James
260 ## - PUBLICATION, DISTRIBUTION, ETC. (IMPRINT)
Place of publication London
Name of publisher Pluto Press
Year of publication c2005
300 ## - PHYSICAL DESCRIPTION
Number of Pages x, 304 p. : ill. ; 24 cm
500 ## - GENERAL NOTE
General note Includes bibliographical references (p. 262-286) and index
650 ## - SUBJECT ADDED ENTRY--TOPICAL TERM
Topical Term Nationalism
Topical Term State-sponsored terrorism
Topical Term Terrorism and globalization
700 ## - ADDED ENTRY--PERSONAL NAME
Personal name James, Paul
991 ## -
-- 191587
Holdings
Withdrawn status Lost status Damaged status Not for loan Home library Current library Shelving location Date acquired Full call number Accession Number Price effective from Koha item type
        Anna Centenary Library Anna Centenary Library 3RD FLOOR, B WING 13.10.2020 320.54 NAI 136734 13.10.2020 English Books

Find us on the map